000 00822nas a2200265 i 4500
001 2688
003 ES-MaACL
005 20250217134712.0
007 t|
008 980120d1921 sp | | 0 ||pa d
080 _a(460)
080 _a39
245 0 0 _aAnuario de "Eusko-folklore" /
_cLaboratorio de Etnología (de Eusko-Ikaskunza = Sociedad de Estudios Vascos).
247 1 1 _aAnuario de la Sociedad de Eusko-Folklore
260 _aVitoria :
_bSociedad de Estudios Vascos,
_c1921-
300 _a3 v. ;
_c24 cm.
310 _aAnual
362 0 _a1921-
547 _aHasta 1925 se titula Anuario de la Sociedad de Eusko-Folklore.
650 4 _aAntropología. Etnología.
_99890
710 2 _aSociedad de Estudios Vascos.
_96671
852 _aES-MaACL
_jHem-401
866 0 _o1925-34.
999 _c2688
_d2688